000 00753nam a2200265 i 4500
001 000028869
003 DO-SdBNP
005 20251029092618.0
007 ta
008 251029s1998 000 spa d
040 _aDO-SdBNP
_bspa
_cBNPHU
_erda
041 _aspa
049 _aBNPD
082 _axxxx
_bI59e
_222
110 2 _aInstituto Tecnológico de Santo Domingo
_978911
245 1 0 _aEstatutos :
_bInstituto Tecnológico de Santo Domingo.
264 _aSanto Domingo :
_bImpresora Cedano y Asociados
_c1998
300 _a15 páginas ;
_c22 cm.
336 _ardacontent
_btexto
_2txt
337 _ardamedia
_bsin mediación
_2n
338 _ardacarrier
_bvolumen
_2nc
590 _aInventariado, 2025/DG
910 _aDG
942 _2ddc
_cLF2
999 _c59984
_d59984